00723nam a2200241Ia 4500003000400000005001700004008004100021020001800062040001800080041000800098082002000106100001600126245009300142250001200235260005600247300002000303650004900323650003400372700001900406700001800425700001500443700002300458OSt20220719153207.0210427s2012 xx 000 0 und d a9789387788183 cAIMIT LIBRARY aeng a519.2 21bUPPS aUppal, S M. aProbability distributions of two random variables /cBy Uppal, Surindar Mohan...[et.al]. a1st ed. aNew Delhi :bNew Age International Pvt Ltd ,c2018. a441p. ;c24 cm. 2Discrete bivariate probability distributions 2Change of variable techniques aHumphreys, H M aOdhiambo, R O aOrwa, G O. aNgesa, Oscar Owino